000
00342cam a2200145ua 4500
041
_a
eng
_h
082
_a
822
_b
PIN/DA
100
_a
Pinero, Arthurwing .
245
_a
Dandy Dick /
_c
Arthurwing Pinero.
_h
Textual Documents
260
_a
London :
_b
Heinemann ,
_c
1964.
300
_a
80 ; .
504
_a
942
_c
BK
999
_c
676
_d
676